LEADER 00925nam 2200325 450 001 9910341457603321 005 20220804112205.0 010 $a9788815283221 100 $a20191010d2019----m my1engy50505050ba 101 0 $aita 102 $aIT 105 $a 001yy 200 1 $aFare la differenza$eeducazione di genere dalla prima infanzia all'età adulta$fRossella Ghigi 210 $aBologna$cil Mulino$d2019 215 $a135 p.$d20 cm 225 1 $aFarsi un'idea$v273 610 0 $aGenere$aIdentità sessuale$aEducazione 676 $a305.3$v22$zita 676 $a155.43 676 $a155.32 700 1$aGhigi,$bRossella$0602085 901 $aBK 912 $a9910341457603321 952 $a305.3 GHI 2$b6583$fbfs 952 $a305.3071 GHI 1$b2020/567$fFLFBC 952 $a305.3071 GHI 1 BIS$b2021/1943$fFLFBC 959 $aBFS 959 $aFLFBC 996 $aFare la differenza$91562044 997 $aUNINA LEADER 01968nam 2200469 450 001 9910703776203321 005 20150506150901.0 035 $a(CKB)5470000002433957 035 $a(OCoLC)908465181 035 $a(EXLCZ)995470000002433957 100 $a20150506d2013 ua 0 101 0 $aeng 135 $aur||||||||||| 181 $ctxt$2rdacontent 182 $cc$2rdamedia 183 $acr$2rdacarrier 200 10$aNuclear safety $earrangement between the United States of America and Argentina, signed at Vienna and Buenos Aires, September 17 and 30, 2013, with addenda and annex 210 1$a[Washington, D.C.] :$cUnited States Department of State,$d[2013?] 215 $a1 online resource (17 unnumbered pages) 225 1 $aTreaties and other international acts series ;$v13-930.1 300 $aTitle from title screen (viewed on May 6, 2015). 517 3 $aArrangement between the United States of America and Argentina, signed at Vienna and Buenos Aires, September 17 and 30, 2013, with addenda and annex 606 $aNuclear facilities$xLaw and legislation$zUnited States 606 $aNuclear facilities$xLaw and legislation$zArgentina 606 $aCommunication of technical information$zUnited States 606 $aCommunication of technical information$zArgentina 606 $aNuclear facilities$xSafety measures$xInternational cooperation 608 $aTreaties.$2lcgft 615 0$aNuclear facilities$xLaw and legislation 615 0$aNuclear facilities$xLaw and legislation 615 0$aCommunication of technical information 615 0$aCommunication of technical information 615 0$aNuclear facilities$xSafety measures$xInternational cooperation. 712 02$aUnited States.$bDepartment of State, 712 02$aUnited States, 712 02$aArgentina, 801 0$bGPO 801 1$bGPO 906 $aBOOK 912 $a9910703776203321 996 $aNuclear safety$92319825 997 $aUNINA